00644cam a22002177a 4500003000500000005001700005008004100022010001000063011001000073020001500083035001000098040000900108082001800117100002200135245007800157260005300235300001100288500008000299650002800379650001900407CHAP20220329142449.0010326d1999 mx r 00110 spa d a83828 a84800 a9687529830 a95326 cCHAP04a310bP3Y 199800aPagano, Robert R.10aEstadística para las ciencias del comportamientoc/por Robert R. Pagano aMéxico, D. F. :bInternational Thomson,c1999. a548 p. aTrad. de : Understanding statistics in the behavioral sciences 5 ed., 1998.14aConducta (Psicología)14aEstadística.